Masnavi Molvi Manavi Vol 4 & 5 (Record no. 62519)
[ view plain ]
| 000 -LEADER | |
|---|---|
| fixed length control field | 00488nam a22001817a 4500 |
| 003 - CONTROL NUMBER IDENTIFIER | |
| control field | NUST - PNEC |
| 005 - DATE AND TIME OF LATEST TRANSACTION | |
| control field | 20170116180750.0 |
| 008 - FIXED-LENGTH DATA ELEMENTS--GENERAL INFORMATION | |
| fixed length control field | 150309b xxu||||| |||| 00| 0 eng d |
| 020 ## - INTERNATIONAL STANDARD BOOK NUMBER | |
| International Standard Book Number | 9695031013 |
| 040 ## - CATALOGING SOURCE | |
| Transcribing agency | LIBRARY |
| 082 ## - DEWEY DECIMAL CLASSIFICATION NUMBER | |
| Classification number | 891.4391 RUM |
| 100 ## - MAIN ENTRY--PERSONAL NAME | |
| 9 (RLIN) | 1649 |
| Personal name | Rumi, Jalaluddin |
| 245 ## - TITLE STATEMENT | |
| Title | Masnavi Molvi Manavi Vol 4 & 5 |
| Statement of responsibility, etc. | Maulana Jalaluddin Roomi |
| 260 ## - PUBLICATION, DISTRIBUTION, ETC. | |
| Place of publication, distribution, etc. | Lahore; |
| Name of publisher, distributor, etc. | Al-Faisal, |
| 300 ## - PHYSICAL DESCRIPTION | |
| Extent | 368 p. : |
| Dimensions | 22 cm. |
| 650 ## - SUBJECT ADDED ENTRY--TOPICAL TERM | |
| 9 (RLIN) | 1653 |
| Topical term or geographic name entry element | Quran, History |
| General subdivision | Islam |
| 942 ## - ADDED ENTRY ELEMENTS (KOHA) | |
| Source of classification or shelving scheme | |
| Koha item type | Book |
| Withdrawn status | Lost status | Source of classification or shelving scheme | Damaged status | Not for loan | Permanent Location | Current Location | Shelving location | Date acquired | Source of acquisition | Cost, normal purchase price | Total Checkouts | Full call number | Barcode | Date last seen | Cost, replacement price | Price effective from | Koha item type |
|---|---|---|---|---|---|---|---|---|---|---|---|---|---|---|---|---|---|
| Pakistan Navy Engineering College (PNEC) | Pakistan Navy Engineering College (PNEC) | 01/21/2015 | ZS Dictionary/Refrence Grant | 466.00 | 891.4391 RUM | PNECLIB-031964 | 03/09/2015 | 466.00 | 01/21/2015 | Book |
